| 000 | 00651nam a2200193Ia 4500 | ||
|---|---|---|---|
| 003 | GCL | ||
| 008 | 140319s9999 xx 000 0 ara d | ||
| 040 |
_aGCL / _cGCL |
||
| 082 | 0 | 4 |
_a347.06 _bط ا |
| 100 | 1 | _aطلعت محمد دويدار | |
| 245 | 1 | 0 |
_aاحمد ابوالوفاء فى التعليق على نصوص المرئيات / _cطلعت محمد دويدار |
| 260 |
_a[S.N] : _bمكتبه النهضه المصريه ، _c1994 |
||
| 300 | _a545 ص | ||
| 490 |
_aالكتب القانونية _v0 |
||
| 650 | 0 | 4 | _aالقانون |
| 650 | 0 | 4 | _aقانون المرافعات |
| 650 | 0 | 4 | _aقانون الاثبات |
| 942 |
_2ddc _cBK |
||
| 999 |
_c54702 _d54702 |
||